000 00340 a2200157 4500
001 180844
020 _a
040 _cMagnum
100 _aHamman, A.g.
240 1 0 _aOs salmos com santo agostinho
_lpor
245 1 0 _aOs salmos com santo agostinho
362 0 _a1899
440 1 _aLoyola
697 _aMAGNITO: RELIGIAO
942 _cBK
999 _c180844
_d180844